000 00293nam a2200109 a 4500
001 4140
005 20140414131955.0
008 090218s19uu xx 00 eng d
050 _aTR 574.5
_bP58 2005
245 _aA Picture-perfect world :
_ba hidden-in-the picture nature book.
999 _c112901
_d112901